1171 1701 1395 1045 1260 1693 1674 1404 1602 1256 1537 1543 1996 1836 1337 1829 1013 1426 1551 1938 1444 1216 1947 1459 1150 1264 1745 1207 1696 1144 1294 1540 1502 1716 1437 1864 1285 2000 1701 1780 1173 1538 1853 1659 1789 1580 1776 1391 1085 1330 1761 1404 1273 1277 1863 1825 1102 1956 1109 1502 1418 1981 1201 1471 1479 1811 1995 1286 1619 1242 1621 1519 1431 1678 1088 1437 1261 1700 1790 1751 1973 1509 1776 1236 1358 1877 1546 1702 1869 1516 1559 1463 1372 1284 1335 1430 1595 1275 1734 BCNSPRNW ULIB Ver.6.0+V

เปลี่ยนเป็นภาษาไทย

Change to English
 แสดงรายละเอียดบรรณานุกรม
  กลับหน้าหลัก

Brief Record : Get Marc (ISO 2709) : E-mail record : QR code < ปิดหน้าต่าง
LEADER : 00000nam 2200000uu 4500
001    13399114469
003     ULIB
008    110419s||||||||th 000 0 tha d
020    9748593843
060 04 WS330^bช175C
110 1  ชมรมต่อมไร้ท่อเด็กและวัยรุ่นแห่งประเทศไทย
245 00 Case Study in Pediatric Endocrinology /^cชมรมต่อมไร้ท่อเด็กและวัยรุ่นแห่งประเทศไทย
260    กรุงเทพฯ :^bชมรมต่อมไร้ท่อเด็กและวัยรุ่นแห่งประเทศไทย,^c2554
300    178 หน้า :^bตาราง
650  7 กุมารเวชศาสตร์
650  7 ต่อมไร้ท่อ, วิทยา
650  7 Case Study
945    ^p250^l0^i031598
945    ^p250^l0^i031599
995    ทศพร
999 ^a ใช้งานได้ทุกระบบ
รายการนี้ยังไม่มีแท็ก
คุณยังไม่ได้ล็อกอิน คุณสามารถมีกิจกรรมร่วมกับเว็บไซต์ได้ แต่ต้องล็อกอินก่อน ::
  ล็อกอิน

รายการสื่อสารสนเทศ

ลำดับที่ ประเภท เลขเรียก/บาร์โค้ด สถานที่ สถานะ
1. วิทยาศาสตร์การแพทย์ และสุขภาพ
หนังสือสำรอง
สถานะ=หนังสือสำรอง
WS330 ช175C ฉ.1 
  Barcode: 031598
ห้องสมุดวิทยาเขตสวรรค์ประชารักษ์
►ส่วนจัดเก็บหนังสือเก่า สปร
บนชั้น
  ขอยืม
2. วิทยาศาสตร์การแพทย์ และสุขภาพ
วิทยาศาสตร์การแพทย์ และสุขภาพ
WS330 ช175C ฉ.2 
  Barcode: 031599
ห้องสมุดวิทยาเขตสวรรค์ประชารักษ์
►ส่วนจัดเก็บหนังสือเก่า สปร
บนชั้น
  ขอยืม

รายการใกล้เคียง
    หัวเรื่อง [กุมารเวชศาสตร์]
    หัวเรื่อง [ต่อมไร้ท่อ, วิทยา]
    หัวเรื่อง [Case Study]

BibComment


ยังไม่เคยถูกคอมเมนท์

คอมเมนท์ทรัพยากรรายการนี้
  คอมเมนท์: Case Study in Ped..


 Copyright 2026. Bcnsprnw @Library